Snakes Alive! Quiz Stats

 Plays Quiz not verified by Sporcle

Score 0/12 Timer 01:30
0 Plays Today
% Correct
Snake Oil Salesman
91.1%
Snakes and Ladders
88.9%
Snake Charmer
86.7%
Snakes on a plane
84.4%
A Nest of Vipers
82.2%
Snake Eyes
80%
Speak with forked tongue
77.8%
Snakes Alive
73.3%
Snake Dance
71.1%
Snake bite
62.2%
Snake in the Grass
57.8%
Viper in one's bosom
48.9%

You're not logged in!

Compare scores with friends on all Sporcle quizzes.
OR
Log In

Sporcle TV

Today on Sporcle TV


Watch our educational content, quiz creation guides, and fun videos on Sporcle TV.

Show Comments

Extras

Top Quizzes Today


Score Distribution

Your Account Isn't Verified!

In order to create a playlist on Sporcle, you need to verify the email address you used during registration. Go to your Sporcle Settings to finish the process.

Report this User

Report this user for behavior that violates our Community Guidelines.

Details: